Hóa học 12 : Sách giáo viên

Giới thiệu đại cương về kim loại, kim loại kiềm, kim loại thổ, nhôm, sắt và một số kim loại quan trọng khác.

Guardat en:
Dades bibliogràfiques
Autor principal: Nguyễn, Xuân Trường
Format: Llibre
Idioma:Undetermined
Publicat: Hà Nội Giáo Dục Việt Nam 2013
Matèries:
Etiquetes: Afegir etiqueta
Sense etiquetes, Sigues el primer a etiquetar aquest registre!
Thư viện lưu trữ: Trung tâm Học liệu Trường Đại học Cần Thơ
LEADER 00852nam a2200229Ia 4500
001 CTU_236774
008 210402s9999 xx 000 0 und d
020 |c 11500 
082 |a 540.712 
082 |b Tr561 
100 |a Nguyễn, Xuân Trường 
245 0 |a Hóa học 12 : 
245 0 |b Sách giáo viên 
245 0 |c Nguyễn Xuân Trường (Tổng chủ biên) 
260 |a Hà Nội 
260 |b Giáo Dục Việt Nam 
260 |c 2013 
520 |a Giới thiệu đại cương về kim loại, kim loại kiềm, kim loại thổ, nhôm, sắt và một số kim loại quan trọng khác. 
650 |a Hóa học,Chemistry 
650 |x Dạy và học (Trung học),Study and teaching (Secondary) 
904 |i Hải 
980 |a Trung tâm Học liệu Trường Đại học Cần Thơ